00518nam a2200169Ia 4500001000900000003000500009005001700014008004100031010001100072040001800083100004000101245008900141260003500230300001000265500004800275650002500323dia_3897CHAP20251029155402.0220117s1999 xx 000 0 und d a174505 cCHAPamxchpua aBanco Nacional de Comercio Exterior aCosta Rica : perfil de alimentos congelados /c Banco Nacional de Comercio Exterior aMéxico :b BANCOMEXT,c1999 a31 p. aC/e \(Estudios y perfiles de mercado ; 435) aAlimentos congelados